000 08665nas1a22007811i 4500
001 RU\NLR\INFOCOMM21\5000053257
005 20260407100425.0
035 _a(NLR Aleph) 002412559
090 _a1829417
_c1829417
100 _a20050204c1948 |||y0rusy50 ca
101 0 _arus
102 _aRU
110 _azyuzz 0|y|
200 1 _aМетодические указания. Синоптическая метеорология
_fГлав. упр. гидрометеорол. службы при Сов. министров СССР. Центр. ин-т прогнозов
210 _aМ.
_d1948-1962
710 0 2 _4070
_aЦентральный институт прогнозов
_cМосква
_3RU\NLR\AUTH\889926800
_9349299
801 1 _aRU
_bInfoComm
_c20050204
801 0 _aRU
_bNLR
_gPSBO
852 _aNLR
_jП8/116
942 _cSE
980 _aRUSPER